| 000 | 00472nam a2200169Ia 4500 | ||
|---|---|---|---|
| 008 | 240401s2022 xx 000 0 und d | ||
| 041 | _aeng | ||
| 082 | _a615.19/GUP | ||
| 100 | _aPROF.M.K.GUPTA/ | ||
| 245 | _aQUALITY ASSURANCE AND QUALITY MANAGEMENT SYSTEM | ||
| 250 | _a2 | ||
| 260 |
_aPUNE _bNIRALI PRAKASHAN _c2022 |
||
| 300 | _a14p | ||
| 650 | _aQUALITY ASSURANCE | ||
| 650 | _aQUALITY ASSURANCE AND QUALITY MANAGEMENT SYSTEM | ||
| 700 | _aM.S.DEEPIKA BAIRGEE | ||
| 999 |
_c1155228 _d1155228 |
||